000 00878nam a2200217 a 4500
005 20200104041523.0
008 140120b1999 ck ||||| |||| 00| 0 spa d
040 _cCO-BoIH
041 _aspa
090 _aIAvH
_b00046
111 _aCurso Internacional en Biología y Conservación de tortugas marinas=111 \\
_aTaller para la integración de una red en Colombia
_cII
_cI
_d99
_d99
_930875
245 _aMemorias II curso internacional en biología y conservación de tortugas marinas y I taller para la integración de una red en Colombia
260 _aCali
_bFES
_bFARB
_bWIDECAST
_bInstituto Alexander von Humboldt
_c1999
300 _a73 p.
650 _aBiología
_992
650 _aConservación de biodiversidad
_9345
650 _aTortugas marinas
_930878
650 _aInvestigación científica
_930879
650 _aCooperación internacional
_930880
942 _cINFORME
_2z
999 _c1682
_d1682